Statistics for Top 5 Emerald Mining Countries

Click here to take the quiz!

General Stats

  • This quiz has been taken 69 times
  • The average score is 3 of 5

Answer Stats

# Answer % Correct
5United States
83%
2Brazil
76%
1Colombia
52%
3Zambia
25%
4Zimbabwe
21%

Score Distribution

Percentile by Number Answered

Percent of People with Each Score

Your Score History

You have not taken this quiz